Statistics for London tube stations on the Northern Line

Click here to take the quiz!

General Stats

  • This quiz has been taken 36 times
    (26 since last reset)
  • The average score is 46 of 50

Answer Stats

HintAnswer% Correct
Home of the nations moneyBBank
100%
Visit one of the Eleanor Crosses outside this stationCCCharing Cross
100%
The rim of a bowlEEdgware
100%
Main station for ManchesterEEuston
100%
Apparently Spike Milligan didnt want to be buried hereGGGolders Green
100%
The name of an English county-ishKTKentish Town
100%
Angry monarch going to the continentKCSPKings Cross St Pancras
100%
The hub of films and musicalsLSLeicester Square
100%
Do hope its not falling down!LBLondon Bridge
100%
An entrance to an open area?MMoorgate
100%
Not less of a fox's home!MMorden
100%
Not new!OSOld Street
100%
If you go too far, you will miss the tennisSWSouth Wimbledon
100%
Being from aboveAAngel
95%
Nice market hereBBorough
95%
British tree set on fireBOBurnt Oak
95%
Largest land mammal with fortified houseE&CElephant & Castle
95%
River bankEEmbankment
95%
Donovan sung about a Sunny ......GSGoodge Street
95%
Find the heathHHampstead
95%
Charlie Chaplin grew up hereKKennington
95%
Grinder, incline, not westMHEMill Hill East
95%
Go and watch cricketOOval
95%
London football club in front of the judgeTCRTottenham Court Road
95%
Battle for Abba songWWaterloo
95%
A rainbow could be one of theseAArchway
91%
Statue of Amy Winehouse hereCTCamden Town
91%
Do this with your hands, not rareCCClapham Common
91%
Do this with your hands, not southCNClapham North
91%
Do this with your hands, not northCSClapham South
91%
Popular radio programmeMCMornington Crescent
91%
Hoot for a little riverTBTooting Bec
91%
Not east for a little birdWFWest Finchley
91%
Gateway to the SouthBBalham
86%
Office manager angryBCBrent Cross
86%
Not west for a little birdEFEast Finchley
86%
Blue plaque to the creator of the underground hereFCFinchley Central
86%
Not low for Isabel!!HBHigh Barnet
86%
Visit Karl Marx?HHighgate
86%
Hooting avenueTBTooting Broadway
86%
Home of the Round HouseCFChalk Farm
82%
Valley for Mr Firth?CColindale
82%
RAF station here, and this one is in the middleHCHendon Central
82%
Buy in rationsSStockwell
82%
A small child on an edge and a damp rockT&WTotteridge & Whetstone
82%
Cricketer Phil could park his car hereTPTufnell Park
82%
Visit some rabbits?WSWarren Street
82%
Beautifully proportioned open spaceBPBelsize Park
77%
Mine workers mightCWColliers Wood
77%
Edge of trees and leave your carWPWoodside Park
64%

Score Distribution

Percentile by Number Answered

Percent of People with Each Score

Your Score History

You have not taken this quiz since the last reset